000 00583nam a2200169 a 4500
008 080311s2007 ||||||||||||||||| || u
050 _aIBRD(02)
110 _aWorld Bank
245 1 2 _aA guide to the World Bank
250 _a2nd ed.
260 _aWashington, D.C
_bWorld Bank
_c2007
350 _a0.00
650 0 _aECONOMIC ASSISTANCE
650 0 _aDEVELOPING COUNTRIES--ECONOMIC CONDITIONS
650 _aWORLD BANK
995 _D0.00
_FCBU-MAIN LIBRARY (Kitwe)
_H1
_I0.00
_M1
_UAVAILABLE
_WMay 16, 2008
_ZInternational Publications
999 _c45145
_d45145